| 000 | 00554nam a2200205 a 4500 | ||
|---|---|---|---|
| 005 | 20210223130044.0 | ||
| 008 | 061003s2001 mx r 000 0 spa d | ||
| 020 | _a9507432159 | ||
| 035 | _aUPN01000147459 | ||
| 049 | _aCG | ||
| 050 | 4 |
_aHF5383 _bT3.2 |
|
| 100 | 1 | _aTaleva, Laura | |
| 245 | 1 | 0 |
_aCómo hacer un curriculum / _cLaura Taleva. |
| 260 |
_aBuenos Aires : _bValletta, _c2001. |
||
| 300 | _a104 p. | ||
| 440 | 0 | _aSíntesis práctica | |
| 650 | 4 |
_aCURRICULUM VITAE (EMPLEOS) _97715 |
|
| 650 | 4 |
_aBUSQUEDA DE EMPLEO _96452 |
|
| 905 | _aLibro | ||
| 999 |
_c119604 _d119604 |
||